| 000 | 00416nam a22001217a 4500 | ||
|---|---|---|---|
| 008 | 230605b xxu||||| |||| 00| 0 eng d | ||
| 082 |
_a330.6762 _bKEN |
||
| 100 |
_cCentral Bureau of Statistics Ministry of Planning and National Development _d1991 |
||
| 245 | _aEconomic Survey 1991 | ||
| 260 |
_aNairobi _bCentral Bureau of Statistics Ministry of Planning and National Development |
||
| 300 | _av;176 p | ||
| 942 |
_2ddc _cBK |
||
| 999 |
_c340 _d340 |
||